00633nam a2200193Ia 4500008004100000020001400041041000800055082001700063100001700080245002700097250001200124260001500136300002600151365001600177700001700193906003400210999001900244952017600263230612s9999 xx 000 0 und d a408009853 aeng a621.3815 CLA aClayton G.B. aOperational Amplifiers a2nd ed. c1987bELBS a410cRef 147 E (2303) cRs.b248.50 aClayton G.B. dB:39625-Aug-1993cETC b37.27 c166581d166581 00104070aCCEPbCCEPd1993-12-27ePradeep Book DistributorsfETC g211.23i396l0o621.3815 CLApCCEP-BK-2299r2023-06-12 00:00:00t37.27v248.50w1993-08-25yBKz002299